Deutsche Landkreise und kreisfreie Städte nach Buchstabe - H - Statistiken

Allgemein
  • Dieses Quiz wurde 192 mal gespielt
  • Das Durchschnittsergebnis liegt bei 22 aus 31
Antwortstatistiken
Bundesland Kreis % Korrekt
Hamburg Hamburg
98%
Niedersachsen Hannover
94%
Niedersachsen Hannover
94%
Baden-Württemberg Heidelberg
93%
Nordrhein-Westfalen Hagen
92%
Nordrhein-Westfalen Hamm
92%
Sachsen-Anhalt Halle
89%
Nordrhein-Westfalen Herne
86%
Niedersachsen Hildesheim
84%
Baden-Württemberg Heilbronn
83%
Baden-Württemberg Heilbronn
83%
Bayern Hof
78%
Bayern Hof
78%
Niedersachsen Hameln-Pyrmont
73%
Baden-Württemberg Heidenheim
72%
Niedersachsen Heidekreis
65%
Niedersachsen Harburg
63%
Brandenburg Havelland
61%
Nordrhein-Westfalen Herford
61%
Nordrhein-Westfalen Heinsberg
58%
Nordrhein-Westfalen Höxter
58%
Sachsen-Anhalt Harz
57%
Niedersachsen Helmstedt
57%
Thüringen Hildburghausen
56%
Niedersachsen Holzminden
56%
Nordrhein-Westfalen Hochsauerlandkreis
53%
Baden-Württemberg Hohenlohe
53%
Hessen Hochtaunuskreis
52%
Hessen Hersfeld-Rotenburg
47%
Bayern Haßberge
45%
Schleswig-Holstein Herzogtum Lauenburg
39%
Keine übereinstimmenden Quizze gefunden
Verteilung der Resultate
Anzahl Personen mit jedem Resultat
Perzentil nach korrekt beantworteten Fragen
Ihre Resultats-Entwicklung
Sie haben dieses Quiz noch nicht gespielt